000 00877nam a22002537a 4500
001 BR8901534
003 BR-BrBNA
005 20230928093159.0
007 ta
008 230509b bl.||||| |||| 00| 0 por d
040 _aBR-BrBNA
_bpor
_cBiblioteca Nacional de Agricultura
041 _a(Por)
072 _aP01; C10
_b/G514
090 _ P01 BR8901534
110 1 _aInstituto Brasileiro de Desenvolvimento Florestal, Brasilia, DF (Brasil). Coordenadoria de Planejamento
_95730
245 1 _aOrientacoes e estrategias para formulacao e implantacao de projetos de educacao ambiental para as comunidades vizinhas as unidades de conservacao
260 3 _aBrasilia, DF (Brasil):
_c1988.
300 _a53 p.
650 _aPRESERVACAO DA NATUREZA
650 _aPOLITICA EDUCACIONAL
650 _aPROGRAMA EDUCACIONAL
909 _a202309
_bLucia
_c55
_dLucia Elande
942 _cBK
999 _c43461
_d43461